01818nam a2200337 a 450000100100000000500170001000800410002702000180006804000250008608200180011124501810012926000500031030000360036050000710039650000650046750400740053259000260060665000420063265100580067465100530073270000510078570000420083670000410087871000640091971000730098391000380105695201310109495201160122595201220134199900170146300004350720201002044824.0140320s2014 dr ac r 000 0 spa d a9789945887679 aDO-SdBNPbspacBNPHU a339.46bP739m03aLa pobreza :bmás que carencia económica /cYoselman R. Mirabal... [et al.] ; edición general Yoselman R. Mirabal, Francisco Pablo Fortuna ; prólogo Jesús Villanueva. aSanto Domingo :bProducciones Mirabal,c2014. a166 p. :bil., retrs. ;c23 cm. aIncluye datos biográficos del autor en la solapa de la cubierta. aLa biblioteca posee un ejemplar autográfiado por el autor. aIncluye referencias bibliográficas y notas al final de capítulos. aInventariado, 2018/BT 4aPobrezazRepública Dominicana92079 4aRepública DominicanaxCondiciones Económicas9281 4aRepública DominicanaxCondiciones Sociales94612aMirabal Rosario,Yoselman Rodwin,d1969-94002612aFortuna, Francisco Pablo,eed.97120912aVillanueva, Jesús,epról.97121022aExpocongreso Cultural Cristiano Internacional (ECCI)97121122aAsociación Dominicana de Teólogos Evangélicos (ADOTEVA)971212 aValidado. Control de calidad. EMS 001054708DSaGRbGRcHDd2014-03-20iLF1l0o339.46 P739mp43507-30r2020-06-25te. 3w2020-06-25yLFDSZPréstamo en sala 0010718PDaPDbPDcHDd2014-03-20iLF1l0o339.46 P739mp43507-10r2020-06-25w2020-06-25yLFPDZNo se presta 0010718PDaPDbPDcHDd2014-03-20iLF1l0o339.46 P739mp43507-20r2020-06-25te. 2w2020-06-25yLFPDZNo se presta c42996d42996